| 000 | 00608nam a2200205Ia 4500 | ||
|---|---|---|---|
| 003 | GCL | ||
| 008 | 140319s9999 xx 000 0 ara d | ||
| 040 |
_aGCL / _cGCL |
||
| 082 | 0 | 4 |
_a928.1 _bع ش |
| 100 | 1 | _aعبده بدوى | |
| 245 | 1 | 0 |
_aالشاعر اسماعيل صبرى / _cعبده بدوى |
| 260 |
_aالقاهرة : _bالمجلس الاعلى للثقافة ، _c1994 |
||
| 300 |
_a83 ص ؛ _c20 سم |
||
| 490 | _a | ||
| 650 | 0 | 4 | _aالشعر العربى |
| 650 | 0 | 4 | _aالادب العربى |
| 650 | 0 | 4 | _aالعصر الحديث |
| 650 | 0 | 4 | _aتاريخ ونقد |
| 942 |
_2ddc _cBK |
||
| 999 |
_c36595 _d36595 |
||